000 00323nam a22001457a 4500
008 231101b ||||| |||| 00| 0 eng d
020 _a0881350982
041 _aeng
080 _a101
082 _a101SHE
100 _a44
101 _aFILOZO
245 _aTHE MAGIC OF NUMBERS AND MOTION
_cSHEA .R.W
942 _2udc
_cBK
999 _c60473
_d60473